000 01299cam a22003617a 4500
003 CHAP
005 20220329142044.0
008 990503d1999 mx r 00110 spa d
010 _a77715
011 _a78687
035 _a88704
040 _cCHAP
090 _aTesis
100 0 0 _aSánchez Toris, Gualberto.
_9107889
245 1 0 _aComportamiento productivo de ocho variedades de alfalfa (Medicago sativa L.) en Chapingo, México
_c/por Gualberto Sánchez Toris
260 _aChapingo, Méx. :
_bEl autor,
_c1999.
300 _a62 h. :
_bgrafs. ; cuadros
502 _aTesis (Ing. Agr. Esp. en Zootecnia) -- UACH. Departamento de Zootecnia
590 _aALEPH
_b10
_c20130110
_lUCH01
_h1429
590 _aBATCH-UPD
_b10
_c20130110
_lUCH01
_h1309
590 _aBATCH-UPD
_b10
_c20130410
_lUCH01
_h0824
590 _aBATCH-UPD
_b10
_c20130914
_lUCH01
_h0251
590 _aCONVERSION
_b10
_c20130109
_lUCH01
_h1343
650 1 4 _aAlfalfa
_xRendimiento.
_93887
650 1 4 _aAlfalfa
_xVariedades.
_93893
650 1 4 _aAlfalfa
_zMéxico (Edo.).
_93898
901 _aBK
905 _aGuadalupe Pinto C.
942 _cFOLL
949 _bBC
_cTES
_d33724000714812
_eTS2
_fc.2
_h33956
_i88704
_si
949 _bBC
_cTES
_d33724000764510
_eTS2
_fc.3
_h36026
_i88704
_si
949 _bBC
_cTES
_d887041
_eTS1
_h33955
_i88704
_sb
999 _c77715
_d77715